Jedi Mind Tricks Discography - Statistics

General Stats
  • This quiz has been taken 8 times
  • The average score is 5 of 9
Answer Stats
Year Name Type % Correct
2006 Servants in Heaven, Kings in Hell Album
100%
2000 Violent by Design Album
100%
2018 The Bridge and the Abyss Album
80%
2003 Visions of Gandhi Album
80%
2011 Violence Begets Violence Album
60%
2008 A History of Violence Album
40%
2004 Legacy of Blood Album
40%
1997 The Psycho-Social, Chemical, Biological & Electro-Magnetic Manipulation of Human Consciousness Album
20%
2015 The Theif and the Fallen Album
0%
No matching quizzes found
Score Distribution
Percent of People with Each Score
Percentile by Number Answered
Your Score History
You have not taken this quiz